[Event "Go go go Chess Yeah!"]
[Site "http://www.queenalice.com/game.php?id=29349"]
[Date "2005.9.18"]
[Round "-"]
[White "dnptrs"]
[Black "malukahh"]
[Result "1-0"]
[WhiteElo "1910"]
[BlackElo "1100"]

1. d4 d5 2. Nf3 c5 3. e3 Qa5+ 4. Nbd2 b6 5. Be2 h5 6. O-O Rh6 7. Nb3 Qb5 8.
Bxb5+ Kd8 9. e4 dxe4 10. dxc5+ Nd7 11. Ne5 Re6 12. Nxd7 Ke8 13. Nf6# 1-0

[Event "Challenge"]
[Site "http://www.queenalice.com/game.php?id=29356"]
[Date "2005.9.18"]
[Round "-"]
[White "blikinn"]
[Black "malukahh"]
[Result "1-0"]
[WhiteElo "1793"]
[BlackElo "1100"]

1. e4 c6 2. Nf3 h5 3. Nc3 b5 4. b3 d5 5. exd5 e6 6. dxc6 Nxc6 7. Bxb5 Bb7 8. Bb2
a6 9. Ba4 Nf6 10. Ne5 Bd6 11. Nxc6 Qb6 12. Ne5+ Kf8 13. Qe2 Qc7 14. Nf3 Qc5 15.
O-O-O Be4 16. Nxe4 Nxe4 17. Qxe4 e5 18. Qxa8+ Bb8 19. Nxe5 Ke7 20. Nc6+ Ke6 21.
Rhe1+ Kd7 22. Nxb8+ Kc8 23. Nxa6# 1-0

[Event "Challenge"]
[Site "http://www.queenalice.com/game.php?id=30022"]
[Date "2005.9.23"]
[Round "-"]
[White "kamu"]
[Black "malukahh"]
[Result "1-0"]
[WhiteElo "1510"]
[BlackElo "1110"]

1. d4 e6 2. c4 d5 3. Nc3 Nf6 4. Bg5 h6 5. Bxf6 gxf6 6. cxd5 exd5 7. e3 c6 8. g3
f5 9. Nf3 Rg8 10. Bd3 Rg4 11. Ne5 Qe7 12. Nxg4 a5 13. Ne5 Bd7 14. Qh5 Be6 15.
Bxf5 Nd7 16. Nxd7 Bxd7 17. O-O O-O-O 18. Na4 Kc7 19. Nc5 Bg7 20. Nxd7 b5 21.
Rac1 Qg5 22. Qxf7 Kd6 23. Qe6+ Kc7 24. Qxc6# 1-0

[Event "Challenge"]
[Site "http://www.queenalice.com/game.php?id=30184"]
[Date "2005.9.23"]
[Round "-"]
[White "malukahh"]
[Black "cadulima"]
[Result "0-1"]
[WhiteElo "1083"]
[BlackElo "1559"]

1. d4 d5 2. Qd3 Nf6 3. g3 Nc6 4. Nc3 e5 5. dxe5 Nxe5 6. Bh3 Nxd3+ 7. exd3 Bxh3
8. Nxh3 Qe7+ 9. Be3 Ng4 10. Kd2 O-O-O 11. Bg5 Qc5 12. Na4 Qa5+ 13. Nc3 f6 14. f3
Ne5 15. Be3 d4 16. Bxd4 Rxd4 17. Kc1 Bb4 18. Ne2 Bd2+ 19. Kb1 Ra4 20. Rd1 Nxf3
21. Nf2 Re8 22. Rxd2 Qxd2 23. b3 Qe1+ 24. Kb2 Qxf2 25. Nc1 Nd4 26. bxa4 Qxc2+
27. Ka3 Qc3+ 28. Nb3 Nxb3 29. axb3 Qxa1+ 30. Kb4 Qd4+ 31. Kb5 Re5# 0-1

[Event "Lets play !!!"]
[Site "http://www.queenalice.com/game.php?id=30312"]
[Date "2005.9.25"]
[Round "-"]
[White "malukahh"]
[Black "cairoemc"]
[Result "0-1"]
[WhiteElo "1100"]
[BlackElo "1414"]

1. Nf3 d5 2. d3 f6 3. e4 d4 4. c3 e5 5. cxd4 exd4 6. Be2 c5 7. Na3 Nc6 8. Nb5 a6
9. Na3 b5 10. b3 f5 11. exf5 Bxf5 12. O-O Qf6 13. Ne1 Bd6 14. Nf3 Ne5 15. Nxe5
Qxe5 16. Bh5+ g6 17. Bf3 Qxh2# 0-1

[Event "Challenge"]
[Site "http://www.queenalice.com/game.php?id=30314"]
[Date "2005.9.25"]
[Round "-"]
[White "Lucascg"]
[Black "malukahh"]
[Result "1-0"]
[WhiteElo "1740"]
[BlackElo "1119"]

1. d4 d5 2. c4 Nf6 3. cxd5 Nxd5 4. e4 e6 5. exd5 exd5 6. Bd3 a6 7. Ne2 Nd7 8.
O-O Bd6 9. Nbc3 O-O 10. Nxd5 Nc5 11. dxc5 Bxc5 12. Be3 Bd6 13. Ndf4 Re8 14. Qc2
b5 15. Bxh7+ Kf8 16. Bf5 Rb8 17. Nd4 Bd7 18. Bxd7 Qxd7 19. Qf5 Rbd8 20. Qxd7
Rxd7 21. Nf5 Bb4 22. Rfd1 Red8 23. Rxd7 Rxd7 24. Kf1 g6 25. Ng3 c6 26. Ke2 Re7
27. Nd3 Bd6 28. Kf3 f6 29. Bc5 Re6 30. Bxd6+ Rxd6 31. Rd1 Kf7 32. Ne5+ fxe5 33.
Rxd6 Ke7 34. Rxc6 Kf7 35. Ke4 Ke7 36. Kxe5 Kd7 37. Rxa6 g5 38. Ne4 g4 39. Nf6+
Kc7 40. Kd5 Kb7 41. Rc6 b4 42. Nd7 Ka7 43. Kd6 Kb7 44. g3 Ka7 45. Kc7 b3 46. a4
Ka8 47. Ra6# 1-0

[Event "Challenge"]
[Site "http://www.queenalice.com/game.php?id=30318"]
[Date "2005.9.25"]
[Round "-"]
[White "dmdagnone"]
[Black "malukahh"]
[Result "1-0"]
[WhiteElo "1608"]
[BlackElo "1135"]

1. e4 e5 2. Nf3 Nc6 3. Bb5 Nb4 4. a3 c6 5. axb4 a6 6. Ba4 Nf6 7. Nc3 h5 8. d4 b5
9. Bb3 d6 10. O-O Ra7 11. dxe5 dxe5 12. Qxd8+ Kxd8 13. Rd1+ Rd7 14. Nxe5 Rxd1+
15. Nxd1 Be6 16. Rxa6 Ke7 17. Nxc6+ Kd6 18. Bf4+ Kd7 19. Nb8+ Ke7 20. Nc3 g6 21.
Bd6+ Ke8 22. Nxb5 Be7 23. Ba4 h4 24. Nc6 Bf8 25. Bxf8 Kxf8 26. Nd6 h3 27. Ra8+
Ne8 28. Rxe8+ Kg7 29. Rxh8 Kxh8 30. b5 f5 31. exf5 gxf5 32. b6 Bd7 33. b7 hxg2
34. b8=Q+ Kg7 35. Nxf5+ Kf6 36. Qf8+ Ke6 37. Qd6+ Kxf5 38. Qxd7+ Kf4 39. Kxg2
Ke4 40. Qd4+ Kf5 41. Qe5+ Kg4 42. Qe1 Kf4 43. b4 Kg4 44. b5 Kh4 45. b6 Kg5 46.
b7 Kf4 47. b8=Q+ Kf5 48. Qf8+ Kg6 49. Qe5 Kh7 50. Qh5# 1-0

[Event "Challenge"]
[Site "http://www.queenalice.com/game.php?id=30345"]
[Date "2005.9.25"]
[Round "-"]
[White "malukahh"]
[Black "Lucascg"]
[Result "0-1"]
[WhiteElo "1111"]
[BlackElo "1844"]

1. d4 c6 2. Bf4 d6 3. e4 g6 4. h4 Bg7 5. c3 Nf6 6. f3 Nh5 7. Bg5 Ng3 8. Rh2 Nxf1
9. Kxf1 Qb6 10. Ne2 Qxb2 11. Nd2 Nd7 12. Rc1 Qxa2 13. Rh3 Nf6 14. Rg3 Nh5 15.
Rg4 Bxg4 16. fxg4 Nf6 17. Ra1 Qe6 18. Nf4 Qxg4 19. Qf3 Qxf3+ 20. gxf3 h6 21.
Bxf6 Bxf6 22. Nc4 Bxh4 23. Kg2 Bg5 24. Kg3 Bxf4+ 25. Kxf4 Kd7 26. e5 d5 27. Ne3
f6 28. c4 dxc4 29. Nxc4 h5 30. exf6 exf6 31. Na5 b6 32. Nc4 h4 33. Kg4 h3 34. f4
h2 35. Rh1 Kc7 36. Nd2 a5 37. Nf1 Rad8 38. Kg3 Rxd4 39. Rxh2 Rxh2 40. Nxh2 a4
41. Kf3 a3 42. Ke3 Rd5 43. Nf3 a2 44. Nh4 a1=Q 45. Nxg6 Qg1+ 46. Kf3 Qxg6 47.
Ke3 Rd3+ 48. Ke2 Qe4+ 49. Kf2 Qf3+ 50. Kg1 Rd1+ 51. Kh2 Rh1# 0-1

[Event "sampa"]
[Site "http://www.queenalice.com/game.php?id=30461"]
[Date "2005.9.26"]
[Round "-"]
[White "Simone"]
[Black "malukahh"]
[Result "1-0"]
[WhiteElo "1376"]
[BlackElo "1110"]

1. b3 d5 2. Bb2 e6 3. e3 f5 4. Be2 b6 5. Bh5+ g6 6. Bf3 a5 7. Bxh8 Nf6 8. Bxf6
Qxf6 9. c3 Nc6 10. d4 Ne7 11. Ne2 Ng8 12. Nf4 Bd7 13. a4 O-O-O 14. Qd3 g5 15.
Qa6+ Kb8 16. Nh5 Qe7 17. Be2 Nh6 18. Ng3 Ng4 19. h3 Nf6 20. O-O c5 21. Qxb6+ Kc8
22. Qa6+ Kc7 23. Qxa5+ Kc6 24. Qa6+ Kc7 25. Qa7+ Kd6 26. dxc5+ Kc6 27. Bb5# 1-0

[Event "Vamos jogar?"]
[Site "http://www.queenalice.com/game.php?id=34858"]
[Date "2005.10.25"]
[Round "-"]
[White "marcos"]
[Black "malukahh"]
[Result "1-0"]
[WhiteElo "1490"]
[BlackElo "1135"]

1. e4 e5 2. Qh5 Qf6 3. Nf3 Nc6 4. Nc3 Nd4 5. Bd3 g6 6. Qxe5+ Be7 7. Qxd4 d6 8.
Nb5 Kd7 9. e5 Qe6 10. Ng5 Qxe5+ 11. Qxe5 dxe5 12. Nxf7 Bf6 13. b3 Ke7 14. Bc4
Be6 15. Bxe6 Kxe6 16. Nxh8 Bxh8 17. Nxc7+ Kd7 18. Nxa8 Kc6 19. Bb2 Ne7 20. f4
exf4 21. Bxh8 Nd5 22. c3 h5 23. h4 1-0

[Event "Let's Play Chess!"]
[Site "http://www.queenalice.com/game.php?id=35076"]
[Date "2005.10.27"]
[Round "-"]
[White "Chessdorf"]
[Black "malukahh"]
[Result "1-0"]
[WhiteElo "1317"]
[BlackElo "1132"]

1. d4 e5 2. dxe5 Bc5 3. Nf3 d5 4. e3 Nc6 5. Bb5 a6 6. Bxc6+ bxc6 7. Bd2 Rb8 8.
b3 Nh6 9. Bc3 O-O 10. Nbd2 Rb5 11. a4 Rb7 12. O-O f6 13. exf6 gxf6 14. Qe2 Ra7
15. Bd4 Qd6 16. Bxc5 Qxc5 17. Nd4 a5 18. f4 Ba6 19. Qh5 Kg7 20. Ne6+ Kg8 21.
Qxh6 Qe7 22. Nxf8 Qxf8 23. Qxf8+ Kxf8 24. Rf3 c5 25. c4 c6 26. Rc1 dxc4 27. Nxc4
Rb7 28. Nxa5 Rb6 29. Rxc5 Be2 30. Rf2 Ke7 31. Rxe2 Kd6 32. Rc1 c5 33. Nc4+ Kc6
34. Nxb6 Kxb6 35. Rec2 Kc6 36. Rxc5+ Kd6 37. a5 h6 38. a6 h5 39. a7 Ke7 40. a8=Q
1-0

[Event "Challenge"]
[Site "http://www.queenalice.com/game.php?id=37019"]
[Date "2005.11.8"]
[Round "-"]
[White "malukahh"]
[Black "Brandon"]
[Result "0-1"]
[WhiteElo "1108"]
[BlackElo "2088"]

1. e4 c5 2. Nc3 Nc6 3. Bc4 Nf6 4. Nf3 d6 5. d3 g6 6. O-O Bg7 7. Be3 O-O 8. d4
Ng4 9. h3 cxd4 10. Bxd4 Nxd4 11. Nxd4 Ne5 12. Qe2 Qb6 13. Rfd1 Nc6 14. Nxc6 bxc6
15. Qe3 Qxb2 16. Qd3 Qxc3 17. Qxc3 Bxc3 18. Rab1 Kg7 19. Rb3 Be5 20. Rf3 f5 21.
Bd3 h5 22. h4 Rb8 23. a4 f4 24. g3 Bg4 25. Be2 Bxf3 26. Bxf3 fxg3 27. fxg3 Rxf3
28. Rf1 Rxg3+ 29. Kf2 Rf8+ 30. Ke2 Rxf1 31. Kxf1 Rc3 32. Ke2 Bf4 33. Kd1 g5 34.
hxg5 h4 35. Ke1 Rxc2 36. Kd1 Rg2 37. Ke1 h3 38. Kf1 Be3 39. e5 Ra2 40. Ke1 h2
41. Kd1 h1=R# 0-1

[Event "Challenge"]
[Site "http://www.queenalice.com/game.php?id=37020"]
[Date "2005.11.8"]
[Round "-"]
[White "malukahh"]
[Black "bm2099"]
[Result "0-1"]
[WhiteElo "1119"]
[BlackElo "1385"]

1. e4 Nf6 2. Nc3 d6 3. d4 Bg4 4. Be2 Qd7 5. h3 Be6 6. Nf3 Na6 7. Qd3 Nb4 8. Qd2
h5 9. b3 g6 10. Ba3 a5 11. O-O-O Bh6 12. Ng5 Nxe4 13. Ncxe4 Bf5 14. c3 f6 15.
cxb4 fxg5 16. Ng3 g4 17. f4 gxf3 18. Bxf3 Bxd2+ 19. Rxd2 Be6 20. d5 Bxd5 21.
Bxd5 c6 22. Be4 d5 23. Kb2 axb4 24. Bxb4 h4 25. Ne2 Rf8 26. g3 g5 27. g4 Qe6 28.
Bf3 Rxf3 29. Ng1 Rf1 30. Bc3 O-O-O 31. a4 Qe3 32. Kc2 d4 33. Bb2 d3+ 34. Kc3
Qc5# 0-1

[Event "Challenge"]
[Site "http://www.queenalice.com/game.php?id=37484"]
[Date "2005.11.11"]
[Round "-"]
[White "claudiofer"]
[Black "malukahh"]
[Result "1-0"]
[WhiteElo "1579"]
[BlackElo "1111"]

1. e4 e5 2. Qf3 Qf6 3. Qe3 Qf4 4. Ne2 Qxe3 5. dxe3 Nf6 6. Ng3 Nc6 7. Nc3 Bc5 8.
Bd3 d6 9. O-O h5 10. Nd5 O-O 11. Nxc7 Rb8 12. c3 Ne7 13. b4 Bb6 14. Nb5 Bd7 15.
Nxd6 Bc7 16. Nc4 Be6 17. a4 Bxc4 18. Bxc4 Rbd8 19. Ba3 Bd6 20. a5 Rc8 21. Be2
Rxc3 22. Bb2 Rc2 23. Bc1 Rxe2 24. Nxe2 Nxe4 25. b5 b6 26. axb6 axb6 27. Ba3 Ra8
28. Bxd6 Rxa1 29. Rxa1 Nxd6 30. Rb1 Nec8 31. f4 f6 32. fxe5 fxe5 33. h4 Kh7 34.
Rc1 Na7 35. Nc3 Naxb5 36. Nxb5 Nxb5 37. Rb1 Nc3 38. Rxb6 Ne2+ 39. Kf2 Nc1 40.
Rb5 g6 41. Rxe5 Nd3+ 42. Kf3 Nxe5+ 43. Kf4 Nf7 44. e4 Kh6 45. e5 Nd8 46. Ke4 g5
47. Kf5 1-0

[Event "Challenge"]
[Site "http://www.queenalice.com/game.php?id=39814"]
[Date "2005.11.26"]
[Round "-"]
[White "malukahh"]
[Black "araujoime"]
[Result "0-1"]
[WhiteElo "1111"]
[BlackElo "1446"]

1. e4 e5 2. Nf3 f6 3. Nc3 Na6 4. d4 exd4 5. Qxd4 c5 6. Qd5 Ne7 7. Qc4 Nb4 8. Qb3
Nec6 9. Be3 a5 10. Qa4 b5 11. Qxb5 Ba6 12. Qa4 Bxf1 13. Rxf1 Nd4 14. O-O-O Nbxc2
15. Bxd4 Nxd4 16. Rd3 Rb8 17. Nxd4 cxd4 18. Rxd4 Qc7 0-1